| 000 | 01020cam a2200289 i 4500 | ||
|---|---|---|---|
| 001 | 20710436 | ||
| 003 | OSt | ||
| 005 | 20251013105921.0 | ||
| 008 | 181018s2019 moua b 001 0 eng | ||
| 020 |
_a9780323523752 (Paperback) _qUSD 12.00 |
||
| 040 |
_aDLC _beng _erda _cDLC _dDLC |
||
| 050 | 0 | 0 | _aQM601 CAR |
| 100 | 1 |
_aCarlson, Bruce M. _eAuthor |
|
| 245 | 1 | 0 |
_aHuman embryology and developmental biology / _cBruce M. Carlson ; contributor, Piranit Nik Kantaputra. |
| 250 | _aSixth edition. | ||
| 260 |
_aSt. Louis, Missouri : _bElsevier, _c©2019. |
||
| 300 |
_axi, 480 pages : _bIllustrations ; _c28 cm. |
||
| 336 |
_atext _btxt _2rdacontent |
||
| 337 |
_aunmediated _bn _2rdamedia |
||
| 338 |
_avolume _bnc _2rdacarrier |
||
| 504 | _aIncludes bibliographical references and index. | ||
| 650 | 0 | _aEmbryology, Human. | |
| 650 | 0 | _aDevelopmental biology. | |
| 650 | 0 | _aHuman growth. | |
| 700 |
_aKantaputra, Piranit Nik _eContributor |
||
| 942 |
_2lcc _cBOOKS _eSixth edition. _hQM601 CAR _kQM _mCAR _n0 |
||
| 999 |
_c172462 _d172462 |
||